Metric Base Units - Statistics

General Stats
  • This quiz has been taken 106 times
  • The average score is 4 of 6
Answer Stats
Hint Answer % Correct
Distance Meter
92%
Mass Kilogram
88%
Time Second
81%
Temperature Kelvin Degree
63%
Electricity Ampere
59%
Light Candela
37%
No matching quizzes found
Score Distribution
Percent of People with Each Score
Percentile by Number Answered
Your Score History
You have not taken this quiz